Jazyky sveta /
Salvato in:
| Autori principali: | , , |
|---|---|
| Natura: | Libro |
| Lingua: | slovacco |
| Pubblicazione: |
Bratislava :
Obzor,
1983
|
| Tags: |
Nessun Tag, puoi essere il primo ad aggiungerne!!
|
MARC
| LEADER | 00000nam a22000003a 4500 | ||
|---|---|---|---|
| 001 | stu1075 | ||
| 005 | 20150617225621.9 | ||
| 008 | 920122s1983----cs------------------slo-d | ||
| 040 | |a STU |b slo | ||
| 041 | 0 | |a slo | |
| 044 | |a cs | ||
| 080 | |a 800.8 |7 stu_us_auth*stu8090 | ||
| 100 | 1 | |a Krupa, Viktor |4 aut | |
| 245 | 1 | |a Jazyky sveta / |c [aut.] Krupa,Viktor; Genzor,Jozef; Drozdík,Ladislav | |
| 260 | |a Bratislava : |b Obzor, |c 1983 | ||
| 300 | |a 507 s | ||
| 700 | 1 | |a Genzor, Jozef |4 aut | |
| 700 | 1 | |a Drozdík, Ladislav |4 aut | |
| 996 | |b E75073 |c E*75073 |l EE18 |s P |a 0 |w stu1075_0001 | ||